Courageous /

When a tragedy strikes close to home, four police officers struggle with their faith and their roles as husbands and fathers. Together they make a decision that will change all of their lives.

Bibliographic Details
Corporate Authors: Provident Films, Affirm Films, Sherwood Pictures, Columbia TriStar Home Entertainment (Firm)
Other Authors: Kendrick, Alex, 1970- (Actor, Screenwriter, Director, Editor), Davies, Ben (Actor), Bevel, Ken (Actor), Downes, Kevin (Actor), Kendrick, Stephen, 1973- (Actor, Screenwriter, Producer), Jewell, Renee (Actor), Martin, Rusty (Actor), Etchells, Lauren (Actor), Amaya, Robert (Actor), Nelson, Angelita (Actor), Hutcherson, Taylor (Actor), Brown, Eleanor (Actor), Hullfish, Stephen (Editor), Ebel, Bill (Editor)
Format: Video DVD
Language:English
French
Portuguese
Spanish
Thai
Language Notes:English, French, Portuguese, Spanish or Thai dialogue; Chinese (Mandarin), English, French, Korean, Spanish, Thai or Portuguese subtitles. English subtitles for the deaf and hard of hearing.
Published: [Culver City, Calif.] : Columbia TriStar Home Entertainment, [2012]
Subjects:

MARC

Tag First Indicator Second Indicator Subfields
LEADER 00000cgm a2200000Ia 4500
001 in00002748413
005 20151202150552.0
007 vd cvaizu
008 111123s2012 cau129 vleng d
024 1 |a 043396388338 
028 4 2 |a 38833  |b Columbia TriStar Home Entertainment 
035 |a (OCoLC)ocn762184626 
035 |a (OCoLC)762184626 
037 |b Midwest Tape  |n http://www.midwesttapes.com 
040 |a TEFMT  |c TEFMT  |d DVACP  |d KYB  |d TEFMT  |d TEF  |d UPZ  |d JO6  |d UtOrBLW 
041 1 |a eng  |a fre  |a por  |a spa  |a tha  |j chi  |j eng  |j fre  |j kor  |j spa  |j tha  |j por  |h eng 
049 |a TXAM 
050 4 |a PN1997.2  |b .C68 2012 
082 0 4 |a 791.43/72  |2 23 
090 |a PN1997.2  |b .C686 2012 
245 0 0 |a Courageous /  |c Provident Films ; Affirm Films ; Sherwood Pictures ; directed by Alex Kendrick ; written by Alex Kendrick and Stephen Kendrick produced by Stephen Kendrick. 
264 1 |a [Culver City, Calif.] :  |b Columbia TriStar Home Entertainment,  |c [2012] 
300 |a 1 videodisc (129 min.) :  |b sound, color ;  |c 4 3/4 in. 
336 |a two-dimensional moving image  |b tdi  |2 rdacontent 
337 |a video  |b v  |2 rdamedia 
338 |a videodisc  |b vd  |2 rdacarrier 
538 |a DVD; NTSC; region 1; widescreen. 
546 |a English, French, Portuguese, Spanish or Thai dialogue; Chinese (Mandarin), English, French, Korean, Spanish, Thai or Portuguese subtitles. English subtitles for the deaf and hard of hearing. 
511 1 |a Alex Kendrick, Ben Davies, Ken Bevel, Kevin Downes, Renee Jewell, Rusty Martin, Lauren Etchells, Robert Amaya, Angelita Nelson, Taylor Hutcherson, Eleanor Brown. 
508 |a Edited by Alex Kendrick, Stephen Hullfish and Bill Ebel ; music by Mark Willard. 
500 |a Release date: Jan. 17, 2012. 
521 8 |a MPAA Rating: PG-13; for some violence and drug content.  |a OFRB rating: PG; for violence. 
520 |a When a tragedy strikes close to home, four police officers struggle with their faith and their roles as husbands and fathers. Together they make a decision that will change all of their lives. 
500 |a Special features: Commentary with the Kendrick brothers; deleted scenes ; Outrageous outtakes and bloopers ; Courageous in 60 seconds ; the making of Courageous ; the heart of Courageous ; the story of my father. 
500 |a Videorecording. 
650 0 |a Men  |x Religious life  |v Drama. 
650 0 |a Fathers  |x Religious life  |v Drama. 
650 0 |a Father and child  |x Religious aspects  |v Drama. 
655 7 |a Feature films.  |2 lcgft 
655 7 |a Religious films.  |2 lcgft 
655 7 |a Melodramas (Motion pictures)  |2 lcgft 
655 7 |a Fiction films.  |2 lcgft 
655 7 |a Video recordings for the hearing impaired.  |2 lcgft 
700 1 |a Kendrick, Alex,  |d 1970-  |e actor,  |e screenwriter,  |e director,  |e editor. 
700 1 |a Davies, Ben,  |e actor. 
700 1 |a Bevel, Ken,  |e actor. 
700 1 |a Downes, Kevin,  |e actor. 
700 1 |a Kendrick, Stephen,  |d 1973-  |e actor,  |e screenwriter,  |e producer. 
700 1 |a Jewell, Renee,  |e actor. 
700 1 |a Martin, Rusty,  |e actor. 
700 1 |a Etchells, Lauren,  |e actor. 
700 1 |a Amaya, Robert,  |e actor. 
700 1 |a Nelson, Angelita,  |e actor. 
700 1 |a Hutcherson, Taylor,  |e actor. 
700 1 |a Brown, Eleanor,  |e actor. 
700 1 |a Hullfish, Stephen,  |e editor. 
700 1 |a Ebel, Bill,  |e editor. 
710 2 |a Provident Films. 
710 2 |a Affirm Films. 
710 2 |a Sherwood Pictures. 
710 2 |a Columbia TriStar Home Entertainment (Firm) 
994 |a C0  |b TXA 
948 |a cataloged  |b h  |c 2012/1/31  |d c  |e blrosas  |f 12:31:05 pm 
999 |a MARS 
999 f f |s f6111702-bea9-3101-92b1-2bf88a25db92  |i 8e9c4388-4329-3cd9-8ce8-12dd7bd45c11  |t 0 
952 f f |p dvd  |a Texas A&M University  |b College Station  |c Sterling C. Evans Library  |d Evans: Media and Reserves (Annex 1st floor)  |t 0  |e PN1997.2 .C686 2012  |h Library of Congress classification  |i video -- videodisc  |m A14841345783 
998 f f |a PN1997.2 .C686 2012  |t 0  |l Evans: Media and Reserves (Annex 1st floor)